Bách khoa thư Hà Nội Kỉ niệm 1000 năm Thăng Long - Hà Nội 1010 - 2010 T.14 Di tích - Bảo tàng

Giới thiệu lịch sử ra đời, quá trình phát triển, nội dung trưng bày các sưu tập hiện vật tiêu biểu của phần lớn các bảo tàng ở Hà Nội

Сохранить в:
Библиографические подробности
Главный автор: Nguyễn Hữu Quỳnh (Chủ biên)
Другие авторы: Phạm Mai Hùng (B.s), Nguyễn Thế Long (B.s), Nguyễn Thế Đức (B.s), Lê Mã Lương (B.s)
Формат:
Язык:Vietnamese
Опубликовано: H. Văn hóa thông tin 2008
Серии:Viện nghiên cứu và phổ biến kiến thức bách khoa
Предметы:
Метки: Добавить метку
Нет меток, Требуется 1-ая метка записи!
Thư viện lưu trữ: Mạng thư viện Đại học Đà Nẵng
LEADER 01776nam a2200445 4500
001 000009650
003 5847
005 20111031101049.0
008 111031s2008 viesd
020 |c 140000 
041 0 |a vie 
082 |a 039  |b Bac 
100 0 |a Nguyễn Hữu Quỳnh  |e Chủ biên 
245 1 0 |a Bách khoa thư Hà Nội  |b Kỉ niệm 1000 năm Thăng Long - Hà Nội 1010 - 2010  |c Nguyễn Hữu Quỳnh (ch.b.), Phạm Mai Hùng, Nguyễn Thế Long..  |n T.14  |p Di tích - Bảo tàng 
260 |a H.  |b Văn hóa thông tin  |c 2008 
300 |a 406 tr.  |c 27 cm 
490 |a Viện nghiên cứu và phổ biến kiến thức bách khoa 
500 |a Ủy ban nhân dân thành phố Hà Nội 
504 |a Thư mục: tr. 395 
520 |a Giới thiệu lịch sử ra đời, quá trình phát triển, nội dung trưng bày các sưu tập hiện vật tiêu biểu của phần lớn các bảo tàng ở Hà Nội 
653 |a Bảo tàng 
653 |a Di tích lịch sử 
653 |a Bách khoa thư 
700 |a Nguyễn Hữu Quỳnh  |e Chủ biên 
700 |a Phạm Mai Hùng  |e B.s 
700 |a Nguyễn Thế Long  |e B.s 
700 |a Nguyễn Thế Đức  |e B.s 
700 |a Lê Mã Lương  |e B.s 
773 |t Bách khoa thư Hà Nội  |w 5800 
910 |a duyên 
OWN |a LSP 
AVA |a UDN50  |b LSP  |d 039 Bac  |e available  |t Error 5001 Not defined in file expand_doc_bib_avail.  |f 1  |g 0  |h N  |i 0  |k 1 
999 |a From the UDN01 
AVA |a UDN50  |b LSP  |d 039 Bac  |e available  |t Error 5001 Not defined in file expand_doc_bib_avail.  |f 1  |g 0  |h N  |i 0  |k 1 
TYP |a Monograph 
TYP |a Printed language 
980 |a Mạng thư viện Đại học Đà Nẵng